000 00299nam a2200121Ia 4500
008 190216s9999||||xx |||||||||||||| ||und||
100 _aJohn G Webster
245 0 _aMedical Instrumentation Application And Design
260 _bWiley India
_c2011
300 _a691
650 _aPhysics
942 _cBK
999 _c34336
_d34336